000 00580nam a2200193 i 4500
001 108516
003 ES-MaACL
005 20230906184644.0
007 t|
008 061121s1981 sp r ||||1| spa d
020 _a84-300-6082-0
080 _a512.7(083.5)
100 1 _aMontes Pérez, Jesús.
_982578
245 1 0 _aGeometría numérica pitagórica /
_cpor Jesús Montes Pérez.
260 _a[Madrid :
_bEl autor,
_c1981 (
_fGráf. Fernández])
300 _a34 h. :
_bil. ;
_c30 cm.
650 0 4 _aGeometría algebraica.
_913099
852 _aES-MaACL
_j2124-F-18
_bR.102396
999 _c108516
_d108516